| 000 | 005260000a22001810004500 | ||
|---|---|---|---|
| 003 | MACL | ||
| 005 | 20160406122225.0 | ||
| 008 | 160406b xxu||||| |||| 00| 0 eng d | ||
| 040 |
_aMACL _cMACL |
||
| 041 | _aHindi | ||
| 082 | _a340 | ||
| 100 |
_aभनोत बेला _950743 |
||
| 245 | _aभारत में न्याय-प्रशासन | ||
| 260 |
_bपोइन्टर पब्लिशर्स _c1999 _aजयपुर |
||
| 350 | _a400 | ||
| 650 |
_aLaw _950744 |
||
| 942 |
_cHIN _k340 _2ddc |
||
| 999 |
_c18234 _d18234 |
||